Sports Quiz

Random Sports or MLB Quiz

Number Retired, Not in Hall of Fame (MLB) Quiz Stats

 Plays Quiz Updated May 20, 2016

Challenge
Share
Tweet
Embed
Score 0/53 Timer 08:00
4 Plays Today
Answer % Correct
Barry Bonds
69.4%
Mariano Rivera
65.7%
Luis Gonzalez
65%
Derek Jeter
62%
Todd Helton
61.7%
Edgar Martinez
58.5%
Bernie Williams
56.6%
Randy Jones
54.9%
Billy Martin
52.7%
Pete Rose
47.3%
Thurman Munson
45.9%
Don Mattingly
44.2%
Roger Maris
44%
Kent Hrbek
41%
Frank White
38.1%
Dale Murphy
37.8%
David Ortiz
36.8%
Jorge Posada
36.8%
Dave Concepcion
35.3%
Roy Halladay
35.3%
Ron Guidry
34.8%
Andy Pettitte
34.5%
Steve Garvey
31.3%
Mike Scott
30.9%
Gil Hodges
29.8%
Johnny Pesky
29.3%
Elston Howard
28.4%
Answer % Correct
Paul Konerko
27.6%
José Cruz
25.9%
Don Wilson
25.1%
Tony Oliva
24.8%
Jimmy Wynn
18.9%
August Busch, Jr.
17.3%
Dick Howser
16.6%
Minnie Miñoso
16%
Larry Dierker
16%
Mark Buehrle
15.4%
Jim Fregosi
15%
Ken Boyer
14.4%
Willie Horton
14.1%
Don Zimmer
13.2%
Gene Autry
13%
Tom Kelly
12.5%
Jim Gilliam
12%
Danny Murtaugh
11.8%
Jimmie Reese
11.4%
Johnny Oates
10.4%
Ted Kluszewski
10%
Billy Pierce
7.9%
Fred Hutchinson
6.9%
Mel Harder
5.8%
Jim Umbricht
4.3%
Billy Meyer
4%

You're not logged in!

Compare scores with friends on all Sporcle quizzes.
OR
Log In

You Might Also Like...

Show Comments

Extras

Top Quizzes Today


Score Distribution

Your Account Isn't Verified!

In order to create a playlist on Sporcle, you need to verify the email address you used during registration. Go to your Sporcle Settings to finish the process.

Report this User

Report this user for behavior that violates our Community Guidelines.

Details: